000 00323cam a22001217a 4500
008 180718b1971 xxu||||| |||| 00| 0 eng d
020 _a11 750368 1
082 _aX83 x42 Un3 71
245 _aReport of the workong party on refuse disposal
_cBy HMSO
260 _aLondon
_bHMSO
_c1971
300 _a7p.
650 _aEnvironment
999 _c412886
_d412886